000 00648nam a22002417a 4500
003 UA-OsUOA
001 43778
007 ta
008 20091105b un ||||| |||| 00| 0 ukr d
100 _aРаковський Іван
090 _a09.-159.9
_bР19
942 _cBK
040 _aUA-OsUOA
_bukr
_cUA-OsUOA
_dUA-OsUOA
245 _aПсихольогія
300 _a208 с.
955 _a2
041 _aukr
080 _a09.-159.9
260 _aКоломия
_bГалицька накладня
246 3 1 _aНачерк науки про людську душу
650 7 _a0 Загальний відділ.
_2UDC
999 _c442250
_d442250